Science policy in the USSR /

Guardado en:
Autor Corporativo: Organisation for Economic Co-operation and Development.
Otros Autores: Zaleski, Eugène.
Formato: Libro
Idioma:English
Publicado: [Paris] : Organisation for Economic Cooperation and Development, 1969.
Materias:
Etiquetas: Agregar Etiqueta
Sin Etiquetas, Sea el primero en etiquetar este registro!
LEADER 00772cam a22002175a 4500
001 EIQ.libpla000035
008 700925s1969####fr#a#####b####000#0#eng#d
005 20060829153139.0
245 0 0 |a Science policy in the USSR /  |c E. Zaleski... [et al.]. 
260 |a [Paris] :  |b Organisation for Economic Cooperation and Development,  |c 1969. 
300 |a 615 p. :  |b il. tablas ;  |c 24 cm. 
504 |a Bibliografía: p. 587-599. 
700 1 |a Zaleski, Eugène. 
710 2 |a Organisation for Economic Co-operation and Development. 
043 |a e-ur--- 
082 0 0 |a 354.47/008/5 
650 4 |a Ciencia y estado  |z Unión soviética. 
650 0 |a Science and state  |z Soviet Union. 
010 |a  77507887  
040 |a DLC  |c DLC  |d AR-BbSID 
859 |a AR-BbSID  |b BIB. PLAPIQUI  |h 001.40947  |i or 14  |p 8